MUSIC AND IMAGE: DOMESTICITY IDEOLOGY AND SOCIO- CULTURAL INFORMATION IN EIGHTEENTH CENTURY ENGLAND / (Record no. 17323)
[ view plain ]
| 000 -الفاتح | |
|---|---|
| حقل البيانات ثابتة الطول | 00570nam a2200181Ia 4500 |
| 005 - وقت وتاريخ اخر تعامل مع التسجيلة | |
| رقم الضبط | 20240530100412.0 |
| 008 - عناصر البيانات ثابتة الطول - معلومات عامة | |
| حقل البيانات ثابتة الطول | 140319s9999 xx 000 0 eng d |
| 040 ## - مصدر الفهرسة | |
| وكالة الفهرسة الأصلية | GCL / |
| وكالة النسخ | GCL |
| 082 04 - رقم تصنيف ديوى العشرى | |
| رقم التصنيف | 780.070942 |
| رقم المادة | L M |
| 100 1# - المدخل الرئيسى - إسم شخصى | |
| الإسم الشخصى | LEPPERT,RICHARD |
| 245 10 - بيان العنوان | |
| العنوان | MUSIC AND IMAGE: DOMESTICITY IDEOLOGY AND SOCIO- CULTURAL INFORMATION IN EIGHTEENTH CENTURY ENGLAND / |
| بيان المسئوليه,etc | LEPPERT, RICHARD |
| 650 04 - المدخل الاضافى بالموضوع-مصطلح موضوعى | |
| مصطلح موضوعي | MUSIC - SOCIETY |
| 650 04 - المدخل الاضافى بالموضوع-مصطلح موضوعى | |
| مصطلح موضوعي | MUSIC - HOME |
| 650 04 - المدخل الاضافى بالموضوع-مصطلح موضوعى | |
| مصطلح موضوعي | ENGLISH HISTORY - UPPER CLASSES |
| 942 ## - عناصر المدخل الإضافي( كوها) | |
| مصدر التصنيف او مخطط الترفيف | Dewey Decimal Classification |
| Koha [default] item type | كتاب |
| 260 ## - PUBLICATION, DISTRIBUTION, ETC. (IMPRINT) | |
| -- | [S.N] : |
| -- | CAMLRIDGE UNIVERSITY PRESS |
| حالة التراجع | حالة الفقد | حالة تلف | ليس للاعارة | المكان المؤقت | الموقع الحالى | تاريخ الاكتساب | اجمالي اﻻعارات | رقم الطلب | الباركود | تاريخ اخر مشاهدة | تاريخ تفعيل السعر | نوع وعاء كوها |
|---|---|---|---|---|---|---|---|---|---|---|---|---|
| مكتبة القاهرة الكبرى | مكتبة القاهرة الكبرى | 03/26/2014 | 780.070942\L M | 31374 | 03/26/2014 | 03/26/2014 | كتاب |

